| 000 | 01039nam a2200229 a 4500 | ||
|---|---|---|---|
| 001 | 78810 | ||
| 003 | BD-RjUL | ||
| 005 | 20211209083157.0 | ||
| 008 | 211116s2019 bg ||||| |||| 00| 0 ben d | ||
| 020 |
_a9789840423170 _c: Tk. 400.00 |
||
| 035 | _a(BD-RjUL)79037 | ||
| 040 |
_aBD-RjUL _beng _cBD-RjUL |
||
| 041 | _aben | ||
| 082 |
_223 _a954.9205092 _bHAB 2019 |
||
| 100 |
_aহাননান, মোহাম্মদ _9250135 |
||
| 245 |
_aবঙ্গবন্ধু হত্যার প্রতিবাদ : _bপ্রথম মিছিল, প্রথম সাহিত্য প্রতিক্রিয়া / _cমোহাম্মদ হাননান |
||
| 260 |
_aঢাকা : _bআগামী প্রকাশনী, _c২০১০ [মুদ্রণ ২০১৯] |
||
| 300 |
_a১৬০ পৃ.; _c২২ সেমি. |
||
| 600 |
_aমুজিবুর রহমান , _cশেখ, _d১৯২০-১৯৭৫ _9250138 |
||
| 600 |
_aMujibur Rahman, _cSheikh, _d1920-1975 _9250139 |
||
| 942 |
_2ddc _cBK |
||
| 999 |
_c78810 _d78810 |
||